[Event "SRI-chB"]
[Site "Narahenpita"]
[Date "2017.05.20"]
[Round "7"]
[White "Alahakoon, TN."]
[Black "Amarasinghe, AACB"]
[Result "1/2-1/2"]
[WhiteElo "1723"]
[BlackElo "1915"]
[PlyCount "54"]
[EventDate "2017.05.12"]
[EventType "swiss"]
[EventRounds "10"]
[EventCountry "SRI"]
[SourceTitle "CBM 178 Extra"]
[Source "ChessBase"]
[SourceDate "2017.06.22"]
[SourceVersion "1"]
[SourceVersionDate "2017.06.22"]
[SourceQuality "1"]

1. e4 e5 2. Nf3 Nc6 3. Bc4 Bc5 4. b4 Bxb4 5. c3 Ba5 6. d4 exd4 7. 0-0 Nf6 8. e5 d5 9. exf6 dxc4 10. Re1+ Be6 11. fxg7 Rg8 12. Ng5 Qe7 13. Nxe6 fxe6 14. Qh5+ Kd7 15. Bh6 a6 16. Rd1 d3 17. Qg4 b5 18. Qe4 Qf6 19. Qxh7 Ne5 20. Qe4 Nf7 21. Bf4 c6 22. a4 Qxg7 23. axb5 axb5 24. Re1 Qf6 25. Qe3 Bb6 26. Qxb6 Rxa1 27. Qc7+ Ke8 1/2-1/2

[Event "Ambalangoda Dhamso op 5th"]
[Site "Ambalangoda"]
[Date "2015.05.30"]
[Round "3"]
[White "Gallage, Sudara TP"]
[Black "Alahakoon, TN."]
[Result "0-1"]
[WhiteElo "1368"]
[BlackElo "1807"]
[PlyCount "114"]
[EventDate "2015.05.29"]
[EventType "swiss"]
[EventRounds "9"]
[EventCountry "SRI"]
[SourceTitle "EXT 2016"]
[Source "ChessBase"]
[SourceDate "2015.10.08"]
[SourceVersion "1"]
[SourceVersionDate "2015.10.08"]
[SourceQuality "1"]

1. c4 e6 2. Nc3 d5 3. cxd5 exd5 4. d4 Nf6 5. g3 c6 6. Bg2 Bf5 7. Nf3 Bd6 8. Bg5 Nbd7 9. e3 Qa5 10. Bxf6 Nxf6 11. a3 Ne4 12. Qa4 Bc7 13. Rc1 Nxc3 14. Qxa5 Bxa5 15. bxc3 Bd3 16. Kd2 Bf5 17. Nh4 Bd7 18. f4 0-0 19. e4 dxe4 20. Bxe4 Be6 21. f5 Bc4 22. g4 Rfe8 23. Rhe1 Bc7 24. Nf3 Bf4+ 25. Kc2 Bxc1 26. Kxc1 Bd5 27. Bxd5 Rxe1+ 28. Nxe1 cxd5 29. Kd2 Kf8 30. Ng2 Ke7 31. Nf4 Kd6 32. h3 g6 33. fxg6 fxg6 34. Nd3 a5 35. Ne5 Rf8 36. Ke2 b5 37. Nd3 Re8+ 38. Kf2 Rc8 39. Nc5 Rxc5 40. dxc5+ Kxc5 41. g5 Kc4 42. Kf3 Kxc3 43. Kf4 d4 44. Ke4 d3 45. Kd5 d2 46. Kc5 b4 47. axb4 axb4 48. Kd5 d1Q+ 49. Ke6 Qf3 50. h4 Qf5+ 51. Kd6 Kd4 52. h5 Qe5+ 53. Kc6 Qd5+ 54. Kc7 Kc5 55. hxg6 Qc6+ 56. Kb8 Kb6 57. g7 Qb7# 0-1